00639nam a2200193Ia 4500008004100000020001400041082001400055100002000069245004900089250000700138260004500145300002600190500001900216600002100235650005000256942000700306952011700313999001500430240925s9999 xx 000 0 und d a138947597 a005.8 MCC aMcCarthy, Linda 0aInternet Security: stories from the trenches aNA aNew Jersey:bPrintice- Hall Int.c,1998. aix,197p.bNAfPirated aIncludes Index aComputer Science aComputer science, information & general works cBK 001040708CSaUITUbUITUd2000-04-07eNAl1o005.8 MCCpQ3439r2025-11-03 09:45:23s2025-10-31w2024-09-25yBK c5938d5938